| 000 | 00369nam a2200157Ia 4500 | ||
|---|---|---|---|
| 008 | 230917s9999||||xx |||||||||||||| ||und|| | ||
| 040 |
_e76068 _aMAIN |
||
| 041 | _aEnglish | ||
| 082 | _a658.3 S64D | ||
| 100 | _aSingh, N K | ||
| 245 | 0 | _aDimensions of personnel management | |
| 250 | _a2nd ed. | ||
| 260 |
_aNew Delhi _bVani _c1984 |
||
| 300 | _a224 p. | ||
| 942 | _cBK | ||
| 999 |
_c47189 _d47189 |
||